| Tag |
First Indicator |
Second Indicator |
Subfields |
| LEADER |
00000cam a2200000 4500 |
| 001 |
in00000201809 |
| 005 |
20151009064812.0 |
| 008 |
710819s1971 cau b 00110 eng |
| 010 |
|
|
|a 75634804
|
| 020 |
|
|
|a 0877720800
|c $3.50
|
| 035 |
|
|
|a (OCoLC)00158372
|
| 035 |
|
|
|9 AAY2855AM
|
| 040 |
|
|
|a DLC
|c DLC
|d TXA
|d UtOrBLW
|
| 043 |
|
|
|a n-us---
|
| 049 |
|
|
|a TXAM
|c [1026020]
|
| 050 |
0 |
0 |
|a KF9685
|b .A1T6
|
| 082 |
0 |
|
|a 016.345/73/077
|
| 100 |
1 |
|
|a Tompkins, Dorothy Louise Campbell Culver.
|
| 245 |
1 |
0 |
|a Sentencing the offender ;
|b a bibliography /
|c compiled by Dorothy Campbell Tompkins.
|
| 264 |
|
1 |
|a Berkeley :
|b Institute of Governmental Studies, University of California,
|c 1971.
|
| 300 |
|
|
|a vii, 102 pages ;
|c 23 cm.
|
| 336 |
|
|
|a text
|b txt
|2 rdacontent
|
| 337 |
|
|
|a unmediated
|b n
|2 rdamedia
|
| 338 |
|
|
|a volume
|b nc
|2 rdacarrier
|
| 500 |
|
|
|a "Supplements, in part, [the author's] Administration of criminal justice, 1949-1956; a selected bibliography," issued in 1956 by the Institute of Governmental Studies, University of California.
|
| 650 |
|
0 |
|a Sentences (Criminal procedure)
|z United States.
|
| 710 |
2 |
|
|a University of California, Berkeley.
|b Institute of Governmental Studies.
|t Administration of criminal justice, 1949-1956.
|
| 999 |
|
|
|a MARS
|
| 999 |
f |
f |
|s b4e69bc0-7862-3223-91cd-3b711a28354b
|i 1e5aea2b-f32b-357c-967f-391962b1c8f8
|t 0
|
| 952 |
f |
f |
|p ric
|a Texas A&M University
|b Rellis Campus
|c Joint Library Facility
|d Remote Storage
|t 0
|e KF9685 .A1T6
|h Library of Congress classification
|i unmediated -- volume
|m A14803201212
|
| 998 |
f |
f |
|a KF9685 .A1T6
|t 0
|l Remote Storage
|